Vida a muerte /
Emmanuel Palacios (1906-1987), médico y escritor jalisciense. Nació en Tolimán. Fue diputado a la Legislatura de Jalisco y funcionario de la SEP. Colaboró en las revistas Et Caetera, Bandera de Provincias, Contemporáneos, Taller y Cuadernos Americanos, entre otras. Dirigió la publicación Alcance. Ob...
-д хадгалсан:
| Үндсэн зохиолч: | |
|---|---|
| Формат: | Ном |
| Хэл сонгох: | испани |
| Нөхцлүүд: | |
| Шошгууд: |
Шошго байхгүй, Энэхүү баримтыг шошголох эхний хүн болох!
|
MARC
| LEADER | 00000nam^a2200000^a^4500 | ||
|---|---|---|---|
| 001 | 000127854 | ||
| 005 | 20250526000000.0 | ||
| 009 | 20260310094816.402 | ||
| 037 | |a Acervo ITESO - Biblioteca | ||
| 041 | |a ESP | ||
| 082 | |a 861. |b PAL | ||
| 100 | |a Palacios, Emmanuel |e (autor) | ||
| 245 | 1 | 0 | |a Vida a muerte / |c E. Palacios. |
| 264 | |a México : |b Simbad, |c 1937 | ||
| 300 | |a [65] p. ; |c 21.5 cm. | ||
| 520 | |a Emmanuel Palacios (1906-1987), médico y escritor jalisciense. Nació en Tolimán. Fue diputado a la Legislatura de Jalisco y funcionario de la SEP. Colaboró en las revistas Et Caetera, Bandera de Provincias, Contemporáneos, Taller y Cuadernos Americanos, entre otras. Dirigió la publicación Alcance. Obras: en poesía, Vida a muerte (1937); en ensayo, Mariano Azuela, un testimonio literario (1952). | ||
| 649 | |a XX | ||
| 650 | |a Poesía Jalisciense | ||
| 650 | |a Poesía Mexicana | ||
| 650 | |a Literatura Jalisciense - |y Siglo XX | ||
| 650 | |a Literatura Mexicana - |y Siglo XX | ||
| 910 | |a Fondo Salvador Reynoso Reynoso | ||
| 920 | |a Impresos - Libros | ||
| 930 | |a Libros Antiguos y Raros | ||
| 940 | |a Literatura | ||
| 905 | |a 108 | ||
| 901 | |a 0800009979 |b IT2 |c LRA |u 20250526 | ||
| 902 | |a https://opac.biblio.iteso.mx/vufind/Record/000127854 | ||